| 000 -LEADER |
| fixed length control field |
00758nam a2200241Ia 4500 |
| 001 - CONTROL NUMBER |
| control field |
18222 |
| 003 - CONTROL NUMBER IDENTIFIER |
| control field |
GE_BSU |
| 008 - FIXED-LENGTH DATA ELEMENTS--GENERAL INFORMATION |
| fixed length control field |
181216s||||||||xx |||||||||||||| ||und|| |
| 020 ## - INTERNATIONAL STANDARD BOOK NUMBER |
| International Standard Book Number |
978178133112501499 |
| 040 ## - CATALOGING SOURCE |
| Transcribing agency |
GE_BSU |
| 080 ## - UNIVERSAL DECIMAL CLASSIFICATION NUMBER |
| Universal Decimal Classification number |
338.48:640 |
| 100 ## - MAIN ENTRY--PERSONAL NAME |
| Personal name |
Or, Monica |
| 245 ## - TITLE STATEMENT |
| Title |
Star Quality Hospitality - The Key to a Successful Hospitality Business |
| 260 ## - PUBLICATION, DISTRIBUTION, ETC. |
| Place of publication, distribution, etc. |
Great Britain |
| 260 ## - PUBLICATION, DISTRIBUTION, ETC. |
| Name of publisher, distributor, etc. |
RETHINK PRESS |
| 260 ## - PUBLICATION, DISTRIBUTION, ETC. |
| Date of publication, distribution, etc. |
2014 |
| 300 ## - PHYSICAL DESCRIPTION |
| Extent |
147p;20cm. |
| 653 ## - INDEX TERM--UNCONTROLLED |
| Uncontrolled term |
Star Quality Hospitality - The Key to a Successful Hospitality Business |
| 653 ## - INDEX TERM--UNCONTROLLED |
| Uncontrolled term |
გასაღები წარმატებული სასტუმროების ბიზნესის |
| 653 ## - INDEX TERM--UNCONTROLLED |
| Uncontrolled term |
ტურიზმი |
| 942 ## - ADDED ENTRY ELEMENTS (KOHA) |
| Koha item type |
წიგნი |